000 01504cam a22002894a 4500
001 16161086
003 OSt
005 20210206151403.0
008 100112s2009 ck a rb f000 0 spa d
010 _a 2009511905
020 _a9789587191783
040 _aCO-JMCR
_cCO-JMCR
041 0 _aspa
082 0 4 _a331.8929861 /
_bS669h
_221
100 1 _aSánchez, Ricardo,
_eautor
_92638
245 1 1 _a¡Huelga! :
_bluchas de la clase trabajadora en Colombia, 1975-1981 /
_cRicardo Sánchez Ángel
250 _aPrimera edición
260 _aBogotá :
_bUniversidad Nacional de Colombia,
_c2009
300 _a485 páginas :
_bfotografías a blanco y negro y color ;
_c24 cm.
504 _aBibliografía: páginas 439-462
505 0 _ael resurgir de un paradigma -- La acción de los trabajadores y la historia -- El capitalismo en el siglo XX y el papel de los trabajadores en América Latina -- Las huelgas de los trabajadores en Colombia, 1975-1981 -- Las iras del azúcar -- Nosotras las obreras -- Huelga e iglesia: el movimiento bancario de 1976 -- Palo a los médicos -- El paro del 14 de septiembre de 1977 -- La huelga marinera -- Conclusiones
650 1 4 _aClase obrera.
_xActividad política.
_zColombia.
_xHistoria.
_ySiglo XX
_912919
650 1 4 _a Huelgas y cierres patronales.
_zColombia.
_xHistoria.
_ySiglo XX
_912920
650 2 4 _aRelaciones industriales.
_zColombia.
_xHistoria.
_ySiglo XX
_912921
650 2 4 _aPolítica laboral.
_zColombia.
_xHistoria.
_ySiglo XX
_912922
942 _2ddc
_cBK
999 _c7078
_d7078